000 00510nam a22001817a 4500
005 20251108171134.0
008 250721s1986 xx 000 0 ara d
082 1 4 _a232/محم
100 1 _aعطاء الرحيم، محمد
245 1 0 _aعيسى عليه السلام يبشر بالإسلام /
246 1 1 _aJesus prophet of Islam
264 1 _aعمان :
_c1986.
300 _a327ص
650 1 7 _aالمسيح
700 1 _aم. شما، فهمي
_eترجمة
942 _2ddc
_cBK
999 _c57580
_d57580